Online Public Access Catalogue

Clinical Wxamination in Opthalmology (Record no. 5899)

MARC details
000 -LEADER
fixed length control field 00364nam a2200133Ia 4500
020 ## - INTERNATIONAL STANDARD BOOK NUMBER
International Standard Book Number 8131203352
082 ## - DEWEY DECIMAL CLASSIFICATION NUMBER
Classification number 617.7
Author Mark MUK
100 ## - MAIN ENTRY--PERSONAL NAME
Author Name Mukherjee,P.K.
245 #0 - TITLE STATEMENT
Title Clinical Wxamination in Opthalmology
Statement of responsibility, etc. Mukherjee,P.K.
260 ## - PUBLICATION, DISTRIBUTION, ETC.
Place of publication, distribution, etc. New Delhi
Name of publisher, distributor, etc. Elsevier
Date of publication, distribution, etc. 2007
300 ## - PHYSICAL DESCRIPTION
No of Pages 387
650 ## - SUBJECT ADDED ENTRY--TOPICAL TERM
Subject 1-Opthalmology-Diagnois 2-Opthalmology Examination
942 ## - ADDED ENTRY ELEMENTS (KOHA)
Koha item type Books
Source of classification or shelving scheme
Edition 1
952 ## - LOCATION AND ITEM INFORMATION (KOHA)
-- 2018-03-16
Holdings
Withdrawn status Lost status Source of classification or shelving scheme Damaged status Not for loan Home library Current library Shelving location Date acquired Total Checkouts Full call number Barcode Date last seen Koha item type
          Islamabad Medical and Dental College Islamabad Medical and Dental College Islamabad Medical and Dental College 16/03/2018   617.7 MUK 7651 16/03/2018 Books

Copyright @ IMDC Library
Islamabad Medical and Dental College
Bhara Kahu, Islamabad

  Contact the Librarian, IMDC
  Email:: library@imdcollege.edu.pk

  OPAC Customized by
  Mazhar Hussain,
  Librarian:
  Islamabad Medical and Dental College
  Email:: library@imdcollege.edu.pk